00330pab a2200121 454500008004000000100002000040245005400060260000900114300001300123362000800136650001600144773004800160180718b2006 xxu||||| |||| 00| 0 eng d aMulgan, Richard aGovernment accountability for outsourced services c2006 ap.48-58. aJun aOutsourcing aAustralian Journal of Public Administration